00921nam a2200217 a 450000100100000000500170001000800410002702000150006804000250008308200150010810000410012324500480016426000390021230000280025149000290027983000370030895201130034595201140045895201140057299900170068600003465520200930073824.0111012s2004 ag a 000 f spa d a9875503738 aDO-SdBNPbspacBNPHU axxxbG447e1 aGibrán, Kahlil,d1883-1931.92751210aEl jardín del profeta /cKhalil Gibrán. aBuenos Aires :bLongseller,c2004. a128 p. :bil. ;c18 cm.1 aClásicos de siemprev8 0aClásicos de siempre;v8960025 001050718MOaGRbGRcCTd2011-10-12iLF1l0oxxx G447ep34655-10r2020-06-25w2020-06-25y1ZNo se presta 0010507-18MOaGRbGRcOId2011-10-12iLF1l0oxxx G447ep34655-20r2020-06-25w2020-06-25y1ZNo se presta 0010507-18MOaGRbGRcOId2011-10-12iLF1l0oxxx G447ep34655-30r2020-06-25w2020-06-25y1ZNo se presta c34146d34146